[Event "Delft Prinsenstad op 9th"]
[Site "Delft"]
[Date "2016.03.26"]
[Round "3"]
[White "Haslinger, Stewart"]
[Black "Haver, Bas"]
[Result "1-0"]
[WhiteElo "2513"]
[BlackElo "2164"]
[PlyCount "47"]
[EventDate "2016.03.25"]
[EventType "swiss"]
[EventRounds "6"]
[EventCountry "NED"]
[SourceTitle "CBM 171 Extra"]
[Source "ChessBase"]
[SourceDate "2016.04.26"]
[SourceVersion "1"]
[SourceVersionDate "2016.04.26"]
[SourceQuality "1"]

1. e4 e5 2. Nf3 Nc6 3. Bc4 Nf6 4. d3 Be7 5. 0-0 0-0 6. Re1 d6 7. a4 Be6 8. a5 Bxc4 9. dxc4 Qd7 10. Nc3 Nd8 11. Bg5 Re8 12. Bxf6 Bxf6 13. Nd5 Ne6 14. Nxf6+ gxf6 15. Nh4 Kh8 16. Qh5 Nf4 17. Qh6 Qe6 18. Ra3 Rg8 19. Rg3 Rg5 20. Ree3 Rag8 21. b3 f5 22. Nxf5 R5g6 23. Qh4 Nxg2 24. Kxg2 1-0

[Event "Hilversum op"]
[Site "Hilversum"]
[Date "2014.06.20"]
[Round "1"]
[White "Haver, Bas"]
[Black "Pruijssers, Roeland"]
[Result "1-0"]
[WhiteElo "2070"]
[BlackElo "2526"]
[PlyCount "78"]
[EventDate "2014.06.20"]
[EventType "swiss"]
[EventRounds "6"]
[EventCountry "NED"]
[SourceTitle "CBM 160 Extra"]
[Source "ChessBase"]
[SourceDate "2014.07.01"]
[SourceVersion "1"]
[SourceVersionDate "2014.07.01"]
[SourceQuality "1"]

1. e4 e5 2. Nf3 Nc6 3. Bb5 f5 4. Nc3 Nf6 5. Qe2 fxe4 6. Nxe4 d5 7. Nxe5 dxe4 8. Nxc6 bxc6 9. Bxc6+ Bd7 10. Bxa8 Qxa8 11. d3 Bb4+ 12. c3 Bc5 13. f3 0-0 14. dxe4 Nxe4 15. fxe4 Bf2+ 16. Kd1 Bb6 17. Bd2 Be6 18. Rf1 Rxf1+ 19. Qxf1 Qxe4 20. h3 Qa4+ 21. Kc1 Bd5 22. Qf5 Qc6 23. b3 Be6 24. Qg5 h6 25. Qd8+ Kf7 26. g3 Bxh3 27. Kb2 Bf2 28. Bf4 Bxg3 29. Bxg3 Qg2+ 30. Ka3 Qxg3 31. Rd1 Qxc3 32. Qd5+ Kf6 33. Rd3 Qc1+ 34. Ka4 Be6 35. Qd8+ Kf5 36. Qf8+ Ke4 37. Qf3+ Ke5 38. Re3+ Kd6 39. Qf4+ Kd5 1-0

[Event "Utrecht OKU op 41st"]
[Site "Utrecht"]
[Date "2014.05.31"]
[Round "4"]
[White "Haver, Bas"]
[Black "Groffen, Hans"]
[Result "1/2-1/2"]
[WhiteElo "2077"]
[BlackElo "2182"]
[PlyCount "77"]
[EventDate "2014.05.30"]
[EventType "swiss"]
[EventRounds "6"]
[EventCountry "NED"]
[SourceTitle "CBM 160 Extra"]
[Source "ChessBase"]
[SourceDate "2014.07.01"]
[SourceVersion "1"]
[SourceVersionDate "2014.07.01"]
[SourceQuality "1"]

1. e4 e6 2. d4 d5 3. Nd2 Nf6 4. e5 Nfd7 5. c3 c5 6. Bd3 Nc6 7. Ne2 cxd4 8. cxd4 f6 9. exf6 Nxf6 10. Nf3 Bd6 11. 0-0 0-0 12. Bf4 Nh5 13. Bxd6 Qxd6 14. Bb5 Bd7 15. Rc1 a6 16. Bxc6 Bxc6 17. Re1 Nf4 18. Nxf4 Rxf4 19. Ng5 Rf6 20. Qd3 Rh6 21. Re5 Rf8 22. Rce1 Rff6 23. g3 Be8 24. Qc3 Bc6 25. b4 Rhg6 26. Qc2 Qxb4 27. Nxe6 Rg4 28. Rb1 Qc4 29. Qxc4 dxc4 30. d5 Bxd5 31. Rxd5 Rxe6 32. Rxb7 h6 33. Rc5 Re2 34. a4 c3 35. h3 Rxa4 36. Rxc3 Ra1+ 37. Kg2 Raa2 38. Rf3 Re6 39. Rff7 1/2-1/2

[Event "Delft Prinsenstad op-A 7th"]
[Site "Delft"]
[Date "2014.04.18"]
[Round "1"]
[White "Khenkin, Igor"]
[Black "Haver, Bas"]
[Result "1-0"]
[WhiteElo "2574"]
[BlackElo "2080"]
[PlyCount "51"]
[EventDate "2014.04.18"]
[EventType "swiss"]
[EventRounds "6"]
[EventCountry "NED"]
[SourceTitle "CBM 159 Extra"]
[Source "ChessBase"]
[SourceDate "2014.04.24"]
[SourceVersion "1"]
[SourceVersionDate "2014.04.24"]
[SourceQuality "1"]

1. d4 Nf6 2. c4 g6 3. Nc3 d5 4. cxd5 Nxd5 5. e4 Nxc3 6. bxc3 Bg7 7. Nf3 c5 8. Be3 Qa5 9. Qd2 cxd4 10. cxd4 Qxd2+ 11. Nxd2 0-0 12. Rc1 b6 13. Bb5 Bd7 14. Bxd7 Nxd7 15. Ke2 Rfc8 16. d5 Kf8 17. g4 Ke8 18. h4 Rxc1 19. Rxc1 Kd8 20. f4 Rc8 21. Rxc8+ Kxc8 22. e5 Kb7 23. Nf3 f6 24. e6 Nb8 25. f5 Bf8 26. fxg6 1-0

[Event "Amsterdam Science Park op-A 3rd"]
[Site "Amsterdam"]
[Date "2013.07.06"]
[Round "1"]
[White "Wunnink, Michael"]
[Black "Haver, Bas"]
[Result "1/2-1/2"]
[WhiteElo "2239"]
[BlackElo "2067"]
[PlyCount "91"]
[EventDate "2013.07.06"]
[EventType "swiss"]
[EventRounds "9"]
[EventCountry "NED"]
[SourceTitle "CBM 155 Extra"]
[Source "ChessBase"]
[SourceDate "2013.08.26"]
[SourceVersion "1"]
[SourceVersionDate "2013.08.26"]
[SourceQuality "1"]

1. d4 d5 2. c4 e6 3. Nc3 c5 4. cxd5 exd5 5. Nf3 Nc6 6. g3 Nf6 7. Bg2 Be7 8. 0-0 0-0 9. Bg5 c4 10. Ne5 Be6 11. b3 Qa5 12. Qd2 Rac8 13. Nxc6 bxc6 14. Nxd5 Qd8 15. Nxe7+ Qxe7 16. Qc3 cxb3 17. axb3 h6 18. Bc1 Rfd8 19. Ba3 Qb7 20. Bc5 Qxb3 21. Qxb3 Bxb3 22. Rxa7 Re8 23. e3 Ne4 24. Rc1 Bd5 25. Ra3 Ra8 26. Rxa8 Rxa8 27. f3 Nxc5 28. dxc5 Ra2 29. e4 Be6 30. f4 Rd2 31. e5 Bd5 32. Bxd5 Rxd5 33. Rc2 Kf8 34. Kf2 Ke7 35. Ke3 f6 36. exf6+ Kxf6 37. g4 h5 38. h3 hxg4 39. hxg4 Kf7 40. Rc4 Kf6 41. Ke4 Ke6 42. Rc3 Kf6 43. f5 g6 44. Rh3 gxf5+ 45. gxf5 Rxc5 46. Rh6+ 1/2-1/2

[Event "Haarlem Nova College op-A 12th"]
[Site "Haarlem"]
[Date "2013.06.30"]
[Round "6"]
[White "Bekkink, Sereyo"]
[Black "Haver, Bas"]
[Result "0-1"]
[WhiteElo "1937"]
[BlackElo "2067"]
[PlyCount "64"]
[EventDate "2013.06.28"]
[EventType "swiss"]
[EventRounds "6"]
[EventCountry "NED"]
[SourceTitle "EXT 2015"]
[Source "ChessBase"]
[SourceDate "2014.11.20"]
[SourceVersion "1"]
[SourceVersionDate "2014.11.20"]
[SourceQuality "1"]

1. e4 e6 2. d4 d5 3. e5 c5 4. c3 Nc6 5. Nf3 Qb6 6. a3 Nh6 7. b4 cxd4 8. cxd4 Nf5 9. Bb2 Be7 10. Bd3 a5 11. Bxf5 exf5 12. Nc3 Be6 13. b5 a4 14. 0-0 Na5 15. Qxa4 0-0 16. Rfc1 Ra7 17. Nb1 Rfa8 18. Nbd2 h6 19. Rab1 Nc4 20. Nxc4 dxc4 21. Qd1 Qxb5 22. Bc3 Qd5 23. Bb4 Bxb4 24. axb4 b5 25. Ne1 f4 26. Ra1 Bg4 27. f3 Bf5 28. Rxa7 Rxa7 29. Qd2 g5 30. Qc3 Qa8 31. Nc2 Ra2 32. Kf2 Qa4 0-1

[Event "Haarlem Nova College op-A 12th"]
[Site "Haarlem"]
[Date "2013.06.29"]
[Round "3"]
[White "Haver, Bas"]
[Black "Den Hartog, Marijn"]
[Result "1-0"]
[WhiteElo "2067"]
[BlackElo "1883"]
[PlyCount "119"]
[EventDate "2013.06.28"]
[EventType "swiss"]
[EventRounds "6"]
[EventCountry "NED"]
[SourceTitle "EXT 2015"]
[Source "ChessBase"]
[SourceDate "2014.11.20"]
[SourceVersion "1"]
[SourceVersionDate "2014.11.20"]
[SourceQuality "1"]

1. e4 e6 2. d4 d5 3. Nd2 Nf6 4. e5 Nfd7 5. c3 c5 6. Bd3 Nc6 7. Ne2 cxd4 8. cxd4 f6 9. exf6 Nxf6 10. Nf3 Bd6 11. 0-0 Qc7 12. Bg5 0-0 13. Rc1 Bd7 14. Qc2 h6 15. Bh4 Nh5 16. a3 Rac8 17. b4 a6 18. Qb2 b5 19. Bg6 Rxf3 20. gxf3 Bxh2+ 21. Kg2 Nf4+ 22. Nxf4 Qxf4 23. Bg3 Bxg3 24. fxg3 Qf6 25. Bd3 Rf8 26. Rcd1 Nxd4 27. Qxd4 Qxd4 28. Bh7+ Kxh7 29. Rxd4 Rc8 30. Rfd1 Rc3 31. R1d3 Rc2+ 32. Rd2 Rc3 33. R4d3 Rc4 34. Kf2 Kg6 35. Ke2 Rc1 36. Rb2 Kf5 37. Kd2 Rc4 38. Rc2 Ke5 39. Re3+ Kd6 40. Rxc4 bxc4 41. f4 d4 42. Re4 Kd5 43. Re5+ Kd6 44. Rc5 Bb5 45. Kc1 c3 46. Kc2 Bf1 47. a4 Be2 48. Re5 Bc4 49. b5 axb5 50. axb5 Bd5 51. Kd3 Kc5 52. b6 Kxb6 53. Kxd4 c2 54. Re1 Bf3 55. Kd3 Bg4 56. Kxc2 Kc6 57. Kc3 Kd6 58. Kd4 h5 59. Ra1 Bf3 60. Ra6+ 1-0

[Event "NED-ch U21"]
[Site "Sneek"]
[Date "2013.05.03"]
[Round "7"]
[White "Zevenhuizen, Daniel"]
[Black "Haver, Bas"]
[Result "0-1"]
[WhiteElo "1861"]
[BlackElo "2067"]
[PlyCount "58"]
[EventDate "2013.04.27"]
[EventType "swiss"]
[EventRounds "9"]
[EventCountry "NED"]
[SourceTitle "EXT 2014"]
[Source "ChessBase"]
[SourceDate "2013.11.20"]
[SourceVersion "1"]
[SourceVersionDate "2013.11.20"]
[SourceQuality "1"]

1. Nf3 d5 2. c4 e6 3. g3 c5 4. Bg2 Nc6 5. 0-0 Nf6 6. b3 Be7 7. Bb2 0-0 8. e3 d4 9. exd4 cxd4 10. Re1 Re8 11. Ba3 Bxa3 12. Nxa3 d3 13. Qc1 e5 14. Qb2 e4 15. Ng5 Bf5 16. f3 Qb6+ 17. Kh1 exf3 18. Nxf3 Ne4 19. h3 Nxg3+ 20. Kh2 Qf2 21. Nb5 Re2 22. Rxe2 dxe2 23. Qc3 Bxh3 24. Ne1 Nf1+ 25. Kh1 Ng3+ 26. Kh2 Nf1+ 27. Kh1 Bg4 28. c5 Re8 29. Qd3 Ng3+ 0-1

[Event "NED-ch U21"]
[Site "Sneek"]
[Date "2013.04.29"]
[Round "3"]
[White "Dijkhuis, Tycho"]
[Black "Haver, Bas"]
[Result "1-0"]
[WhiteElo "2080"]
[BlackElo "2067"]
[PlyCount "67"]
[EventDate "2013.04.27"]
[EventType "swiss"]
[EventRounds "9"]
[EventCountry "NED"]
[SourceTitle "EXT 2014"]
[Source "ChessBase"]
[SourceDate "2013.11.20"]
[SourceVersion "1"]
[SourceVersionDate "2013.11.20"]
[SourceQuality "1"]

1. e4 e6 2. d4 d5 3. Nc3 Nf6 4. Bg5 Bb4 5. e5 h6 6. Be3 Ne4 7. Qg4 g6 8. a3 Bxc3+ 9. bxc3 c5 10. Bd3 h5 11. Qh3 Nxc3 12. dxc5 d4 13. Bd2 Nd7 14. Nf3 Nxc5 15. 0-0 Nxd3 16. cxd3 b6 17. Rfe1 Bb7 18. Bg5 Qd7 19. Nd2 b5 20. Bf6 Rg8 21. Qh4 Rc8 22. Qg5 Qc6 23. f3 Kd7 24. Be7 Nd5 25. Ne4 Qc2 26. Nf6+ Nxf6 27. Qxf6 Rgf8 28. Bxf8 Rxf8 29. Qf4 Qb2 30. Reb1 Qc3 31. Rc1 Qb2 32. Rab1 Qxa3 33. Qxd4+ Bd5 34. Ra1 1-0

[Event "NED-ch U21"]
[Site "Sneek"]
[Date "2013.04.28"]
[Round "2"]
[White "Haver, Bas"]
[Black "Haast, Anne"]
[Result "0-1"]
[WhiteElo "2067"]
[BlackElo "2266"]
[PlyCount "102"]
[EventDate "2013.04.27"]
[EventType "swiss"]
[EventRounds "9"]
[EventCountry "NED"]
[SourceTitle "EXT 2014"]
[Source "ChessBase"]
[SourceDate "2013.11.20"]
[SourceVersion "1"]
[SourceVersionDate "2013.11.20"]
[SourceQuality "1"]

1. e4 c5 2. Nf3 e6 3. d4 cxd4 4. Nxd4 Nc6 5. Nc3 Qc7 6. Be3 a6 7. Be2 Nf6 8. 0-0 Bb4 9. Na4 0-0 10. c4 Bd6 11. g3 Be7 12. c5 Nxe4 13. Rc1 Rd8 14. Bf3 Nf6 15. Nb6 Rb8 16. Qa4 Ne5 17. Bf4 Bxc5 18. Nxc8 Rbxc8 19. b4 Bxd4 20. Rxc7 Rxc7 21. Bxe5 Bxe5 22. Qa5 d5 23. Re1 Bd6 24. b5 axb5 25. Qxb5 Bc5 26. a4 Bd4 27. Rb1 g6 28. a5 Ra8 29. Qa4 Bc3 30. Rb5 Ne8 31. Qb3 Nd6 32. Rb6 Be5 33. Qb4 Nc4 34. Rxb7 Rxb7 35. Qxb7 Rxa5 36. Be2 Nd6 37. Qb4 Ra1+ 38. Kg2 Nf5 39. f4 Bf6 40. g4 Ne3+ 41. Kf3 Nc2 42. Qb8+ Kg7 43. g5 Ra3+ 44. Kg2 Bd4 45. h4 Ne3+ 46. Kg1 Ra1+ 47. Kf2 Nf5+ 48. Kf3 Nxh4+ 49. Kg4 Nf5 50. Bd3 Ra3 51. Qb4 Ne3+ 0-1

[Event "Roosendaal LBV op-A"]
[Site "Roosendaal"]
[Date "2012.08.17"]
[Round "3"]
[White "Haver, Bas"]
[Black "Both, Bert"]
[Result "1-0"]
[WhiteElo "2023"]
[BlackElo "2145"]
[PlyCount "41"]
[EventDate "2012.08.16"]
[EventType "swiss"]
[EventRounds "6"]
[EventCountry "NED"]
[SourceTitle "CBM 150 Extra"]
[Source "ChessBase"]
[SourceDate "2012.10.19"]
[SourceVersion "1"]
[SourceVersionDate "2012.10.19"]
[SourceQuality "1"]

1. e4 c5 2. Nf3 e6 3. d4 cxd4 4. Nxd4 Nc6 5. Nc3 Qc7 6. Be2 a6 7. 0-0 Nf6 8. Be3 Bb4 9. Na4 Be7 10. c4 Nxe4 11. c5 d5 12. cxd6 Nxd6 13. Rc1 Nf5 14. Nxc6 bxc6 15. Bb6 Qd6 16. Qc2 0-0 17. Rfd1 Qe5 18. Bf3 Rb8 19. Bxc6 Rxb6 20. Nxb6 Nd4 21. Qe4 1-0

[Event "NED-ch U17"]
[Site "Haarlem"]
[Date "2012.04.30"]
[Round "3"]
[White "Haver, Bas"]
[Black "Meng, Roger"]
[Result "0-1"]
[WhiteElo "1952"]
[BlackElo "2333"]
[PlyCount "92"]
[EventDate "2012.04.28"]
[EventType "swiss"]
[EventRounds "9"]
[EventCountry "NED"]
[SourceTitle "EXT 2013"]
[Source "ChessBase"]
[SourceDate "2012.11.22"]
[SourceVersion "1"]
[SourceVersionDate "2012.11.22"]
[SourceQuality "1"]

1. e4 c5 2. Nf3 e6 3. d4 cxd4 4. Nxd4 a6 5. Bd3 Qb6 6. Nb3 Qc7 7. 0-0 Nf6 8. Nc3 d6 9. Bf4 Be7 10. Qd2 0-0 11. Rfe1 Nc6 12. a4 b6 13. a5 b5 14. Na2 Bb7 15. Rac1 Rac8 16. c4 bxc4 17. Rxc4 Qb8 18. Rec1 Ne5 19. Bxe5 dxe5 20. f3 Rxc4 21. Bxc4 Rd8 22. Qe3 Rc8 23. Be2 Rxc1+ 24. Nbxc1 Qc7 25. b4 h6 26. Kf1 Kh8 27. Ke1 Nh5 28. Kd1 Nf4 29. Bf1 f5 30. g3 Nh5 31. Bd3 Nf6 32. Ke2 fxe4 33. fxe4 Qd7 34. h3 Nh5 35. Kf3 Bg5 36. Qc5 Qf7+ 37. Kg2 Qg6 38. Qxe5 Bf4 39. Qd4 Bxg3 40. Kf3 Bh4 41. Qe5 Qg1 42. Qc5 Qd1+ 43. Ke3 Qe1+ 44. Kf3 Nf6 45. Ne2 Qf1+ 46. Ke3 Bf2+ 0-1

[Event "Vaujany op-A 2nd"]
[Site "Vaujany"]
[Date "2011.07.14"]
[Round "1"]
[White "Haver, Bas"]
[Black "Roos, Daniel"]
[Result "0-1"]
[WhiteElo "2023"]
[BlackElo "2382"]
[PlyCount "59"]
[EventDate "2011.07.14"]
[EventType "swiss"]
[EventRounds "9"]
[EventCountry "FRA"]
[SourceTitle "EXT 2012"]
[Source "ChessBase"]
[SourceDate "2011.11.24"]
[SourceVersion "1"]
[SourceVersionDate "2011.11.24"]
[SourceQuality "1"]

1. e4 c6 2. d4 d5 3. Nc3 dxe4 4. Nxe4 Nf6 5. Nxf6+ gxf6 6. Bc4 Bf5 7. Bf4 e6 8. Ne2 Nd7 9. Ng3 Bg6 10. Qe2 Nb6 11. 0-0-0 Nxc4 12. Qxc4 Qa5 13. Rhe1 0-0-0 14. Re3 Qd5 15. Qxd5 Rxd5 16. Ne4 Bxe4 17. Rxe4 f5 18. Re3 Be7 19. c4 Rd7 20. Kc2 Rhd8 21. d5 cxd5 22. cxd5 Rxd5 23. Rxd5 Rxd5 24. Rh3 e5 25. Bd2 Kd7 26. Rxh7 Ke6 27. Rh6+ f6 28. Rh7 Rd8 29. h4 f4 30. Rg7 0-1

[Event "NED-ch U17"]
[Site "Haarlem"]
[Date "2011.05.05"]
[Round "6"]
[White "Haver, Bas"]
[Black "Ratsma, Midas"]
[Result "1-0"]
[WhiteElo "1958"]
[BlackElo "1957"]
[PlyCount "89"]
[EventDate "2011.04.30"]
[EventType "swiss"]
[EventRounds "9"]
[EventCountry "NED"]
[SourceTitle "EXT 2012"]
[Source "ChessBase"]
[SourceDate "2011.11.24"]
[SourceVersion "1"]
[SourceVersionDate "2011.11.24"]
[SourceQuality "1"]

1. e4 e6 2. d4 d5 3. Nc3 Nf6 4. e5 Nfd7 5. f4 c5 6. Nf3 Nc6 7. Be3 a6 8. Qd2 b5 9. h4 Qb6 10. Qf2 c4 11. f5 Be7 12. Qg3 g6 13. fxe6 fxe6 14. Ne2 Bb7 15. h5 0-0-0 16. hxg6 hxg6 17. Rxh8 Rxh8 18. Qxg6 Ncxe5 19. Nxe5 Nxe5 20. Qg7 Bb4+ 21. c3 Nd3+ 22. Kd2 Re8 23. cxb4 Nxb2 24. Nc3 a5 25. a3 e5 26. Be2 Na4 27. Bh5 Rd8 28. Qxe5 Rg8 29. g4 Nb2 30. Bf4 Bc6 31. Nxd5 Bxd5 32. Qxd5 Rd8 33. Qa8+ Kd7 34. Qd5+ Kc8 35. Qa8+ Kd7 36. Qe4 Kc8 37. Be5 Nd3 38. Kc3 Qa6 39. Qf5+ Kb7 40. Qf7+ Ka8 41. Qf6 axb4+ 42. Kd2 Qa5 43. axb4 Qxa1 44. Qxd8+ Kb7 45. Qb8+ 1-0

[Event "NED-ch U17"]
[Site "Haarlem"]
[Date "2011.05.04"]
[Round "5"]
[White "Vos, Tjark"]
[Black "Haver, Bas"]
[Result "1-0"]
[WhiteElo "1961"]
[BlackElo "1958"]
[PlyCount "83"]
[EventDate "2011.04.30"]
[EventType "swiss"]
[EventRounds "9"]
[EventCountry "NED"]
[SourceTitle "EXT 2012"]
[Source "ChessBase"]
[SourceDate "2011.11.24"]
[SourceVersion "1"]
[SourceVersionDate "2011.11.24"]
[SourceQuality "1"]

1. e4 c5 2. Nf3 d6 3. d4 cxd4 4. Nxd4 Nf6 5. Nc3 g6 6. Be3 Bg7 7. f3 Nc6 8. Qd2 0-0 9. 0-0-0 d5 10. Nxc6 bxc6 11. exd5 Nxd5 12. Nxd5 cxd5 13. Qxd5 Qc7 14. Qxa8 Bf5 15. Qxf8+ Kxf8 16. Rd2 Qb8 17. b3 Bc3 18. Rd5 Kg7 19. Bc4 Qb4 20. Bc5 Qb8 21. Bxe7 Qf4+ 22. Kb1 Be6 23. Rd3 Bxc4 24. Rxc3 Qe5 25. Ba3 Be6 26. Bb2 f6 27. g4 g5 28. a4 Kg6 29. Rd1 Qxh2 30. Rc6 Kf7 31. Rdd6 Qh1+ 32. Ka2 Qxf3 33. Rxe6 Qxg4 34. Rxf6+ Ke8 35. Ba3 Kd7 36. Rcd6+ Kc8 37. Rf8+ Kc7 38. Rf7+ Kc8 39. Rc6+ Kd8 40. Rcc7 Qe4 41. Bd6 Qe8 42. Rxa7 1-0